Players of National Teams - France - Statistics

General Stats
  • This quiz has been taken 39 times
  • The average score is 17 of 25
Answer Stats
Pos. Team Player % Correct
CB Arsenal FC William Saliba
94%
FW Real Madrid Kylian Mbappé
91%
CB Liverpool FC Ibrahima Konaté
86%
RB FC Barcelona Jules Koundé
86%
DM Al-Ittihad Club N'Golo Kanté
86%
CB Bayern Munich Dayot Upamecano
83%
GK AC Milan Mike Maignan
83%
CM Real Madrid Eduardo Camavinga
80%
LB Paris Saint-Germain Lucas Hernández
80%
LB Al-Hilal SFC Theo Hernández
80%
FW Liverpool FC Hugo Ekitiké
77%
RW Bayern Munich Michael Olise
77%
LB Aston Villa Lucas Digne
71%
GK Paris Saint-Germain Lucas Chevalier
69%
RW Manchester City Rayan Cherki
69%
CM Juventus FC Khéphren Thuram
66%
RB Chelsea FC Malo Gusto
66%
CM Paris Saint-Germain Warren Zaïre-Emery
63%
LW Paris Saint-Germain Bradley Barcola
60%
FW Crystal Palace Jean-Philippe Mateta
49%
CM AS Roma Manu Koné
43%
FW AC Milan Christopher Nkunku
40%
RW RC Lens Florian Thauvin
40%
GK Stade Rennais FC Brice Samba
37%
RW AS Monaco Maghnes Akliouche
37%
No matching quizzes found
Score Distribution
Percent of People with Each Score
Percentile by Number Answered
Your Score History
You have not taken this quiz